| 000 | 00697nab a2200217uuc4500 | ||
|---|---|---|---|
| 001 | 1336060 | ||
| 005 | 20241212112551.0 | ||
| 008 | 130715s2011 spa | ||
| 035 | _a1336060 | ||
| 040 | _ccomduadb | ||
| 041 | _aspa | ||
| 100 | 1 | 0 |
_aGausa, Manuel _4aut _eaut _9344527 |
| 245 | 1 | 0 | _aTransversalidades |
| 260 | _c2011. | ||
| 650 | 7 |
_aMetodología _2lemb _9767 |
|
| 650 | 7 |
_aArquitectura _vDiseños y planos _2lemb _945331 |
|
| 650 |
_aArquitectura contemporanea _9103806 |
||
| 650 |
_aEstética contemporánea _9163655 |
||
| 773 | 0 |
_tProyectiva : Revista de Arquitectura y Proyecto Urbano (Medellín) _gVol. 2, No 2, Oct. 2011, 6-19 _w1334329 _x2027-1999 _0660647 |
|
| 942 | _cARIMP | ||
| 999 |
_c656405 _d656405 |
||